District capitals of Russia (North Caucasus) - Statistics

General Stats
  • This quiz has been taken 3 times
  • The average score is 9 of 144
Answers on the Map
Answers color-coded by a green-red scale on the quiz's map according to % correct below.
 
Answer Stats
Answer % Correct
Stavropol
67%
Aleksandrovskoe
33%
Budennovsk
33%
Cherkessk
33%
Essentuki
33%
Essentukskaya
33%
Georgievsk
33%
Groznyy
33%
Gudermes
33%
Kislovodsk
33%
Kurskaya
33%
Lermontov
33%
Magas
33%
Makhachkala
33%
Mineralnye Vody
33%
Nalchik
33%
Nazran
33%
Nevinnomyssk
33%
Novoaleksandrovsk
33%
Pyatigorsk
33%
Shali
33%
Urus-Martan
33%
Vedeno
33%
Yuzhno-Sukhokumsk
33%
Achkhoy-Martan
0%
Adyge-Khabl
0%
Agvali
0%
Akhty
0%
Akusha
0%
Alagir
0%
Anzorey
0%
Ardon
0%
Argun
0%
Arzgir
0%
Babayurt
0%
Baksan
0%
Beslan
0%
Blagodarnyy
0%
Botlikh
0%
Buynaksk
0%
Chegem
0%
Chikola
0%
Dagestanskie Ogni
0%
Derbent
0%
Digora
0%
Divnoe
0%
Donskoe
0%
Dylym
0%
Dzheyrakh
0%
Elkhotovo
0%
Erken-Shakhar
0%
Gergebil
0%
Grachevka
0%
Gunib
0%
Inzhich-Chukun
0%
Ipatovo
0%
Itum-Kale
0%
Izberbash
0%
Izobilnyy
0%
Karabudakhkent
0%
Karabulak
0%
Karachaevsk
0%
Karata
0%
Kashkhatau
0%
Kaspiysk
0%
Kasumkent
0%
Kavkazskiy
0%
Khabez
0%
Khasavyurt
0%
Khebda
0%
Khiv
0%
Khuchni
0%
Khunzakh
0%
Kizilyurt
0%
Kizlyar
0%
Kochubeevskoe
0%
Korkmaskala
0%
Krasnogvardeyskoe
0%
Kumukh
0%
Kurakh
0%
Kurchaloy
0%
Kursavka
0%
Letnyaya Stavka
0%
Levashi
0%
Levokumskoe
0%
Madzhalis
0%
Magaramkent
0%
Malgobek
0%
Mayskiy
0%
Mekhelta
0%
Mikhaylovsk
0%
Mozdok
0%
Nartkala
0%
Naurskaya
0%
Neftekumsk
0%
Novokayakent
0%
Novolakskoe
0%
Novopavlovsk
0%
Novoselitskoe
0%
Nozhay-Yurt
0%
Oktyabrskoe
0%
Ordzhonikidzevskaya
0%
Pregradnaya
0%
Prokhladnyy
0%
Rutul
0%
Sergokala
0%
Sernovodskoe
0%
Sharoy
0%
Shatoy
0%
Shelkovskaya
0%
Stepnoe
0%
Svetlograd
0%
Tarumovka
0%
Terek
0%
Terekli-Mekteb
0%
Tlyarata
0%
Tolstoy-Yurt
0%
Tpig
0%
Tsunta
0%
Tsurib
0%
Tyrnyauz
0%
Uchkeken
0%
Untsukul
0%
Urakarakh
0%
Ust-Dzheguta
0%
Usukhchay
0%
Vachi
0%
Vladikavkaz
0%
Zalukokoazhe
0%
Zelenchukskaya
0%
Zelenokumsk
0%
Zheleznovodsk
0%
Znamenskoe
0%
No matching quizzes found
Score Distribution
Percent of People with Each Score
Percentile by Number Answered
Your Score History
You have not taken this quiz